Catálogo público

The intended and unintended effects of U.S. agricultural and biotechnology policies / (Record no. 169706)

MARC details
000 -CABECERA
campo de control de longitud fija 01280nam a2200337Ia 4500
001 - NÚMERO DE CONTROL
campo de control Z_6446
003 - IDENTIFICADOR DEL NÚMERO DE CONTROL
campo de control CHAP
008 - DATOS DE LONGITUD FIJA--INFORMACIÓN GENERAL
campo de control de longitud fija 220113s2012 xx 000 0 und d
010 ## - NÚMERO DE CONTROL DE LA BIBLIOTECA DEL CONGRESO
Número de control de LC 169706
020 ## - NÚMERO INTERNACIONAL ESTÁNDAR DEL LIBRO
Número Internacional Estándar del Libro 13: 978-0-226-98803-0 \ 10: 0-226-98803-1
040 ## - FUENTE DE LA CATALOGACIÓN
Centro/agencia transcriptor CHAP
082 ## - NÚMERO DE LA CLASIFICACIÓN DECIMAL DEWEY
Número de clasificación 338.1873 I58
245 ## - MENCIÓN DE TÍTULO
Título The intended and unintended effects of U.S. agricultural and biotechnology policies /
Mención de responsabilidad, etc. editor Joshua S. Graff Zivin y Jeffrey M. Perloff.
260 ## - PUBLICACIÓN, DISTRIBUCIÓN, ETC.
Lugar de publicación, distribución, etc. Estados Unidos de América :
Nombre del editor, distribuidor, etc. The University of Chicago Press,
Fecha de publicación, distribución, etc. 2012
300 ## - DESCRIPCIÓN FÍSICA
Extensión 298 p.
440 ## - MENCIÓN DE SERIE/PUNTO DE ACCESO ADICIONAL--TÍTULO
Título (National Bureau of Economic Research conference report)
9 (RLIN) 144803
503 ## - NOTA DE HISTORIA BIBLIOGRÁFICA (BK CF MU) [OBSOLETO]
Nota de historia bibliográfica ej.1: consumo
504 ## - NOTA DE BIBLIOGRAFÍA, ETC.
Nota de bibliografía, etc. Incluye bibliografía e índice
650 ## - PUNTO DE ACCESO ADICIONAL DE MATERIA--TÉRMINO DE MATERIA
Término de materia o nombre geográfico como elemento de entrada Agricultura y energía
Subdivisión general
-- Política gubernamental
--
-- Estados Unidos
9 (RLIN) 144804
650 ## - PUNTO DE ACCESO ADICIONAL DE MATERIA--TÉRMINO DE MATERIA
Término de materia o nombre geográfico como elemento de entrada Agricultura y estado
Subdivisión general
-- Estados Unidos
9 (RLIN) 144805
650 ## - PUNTO DE ACCESO ADICIONAL DE MATERIA--TÉRMINO DE MATERIA
Término de materia o nombre geográfico como elemento de entrada Biotecnología agricola
Subdivisión general
-- Política gubernamental
--
-- Estados Unidos
9 (RLIN) 144806
650 ## - PUNTO DE ACCESO ADICIONAL DE MATERIA--TÉRMINO DE MATERIA
Término de materia o nombre geográfico como elemento de entrada Subsidios agrícolas
Subdivisión general
-- Política gubernamental
--
-- Estados Unidos
9 (RLIN) 144807
700 ## - PUNTO DE ACCESO ADICIONAL--NOMBRE DE PERSONA
Nombre de persona Perloff, Jeffrey M., ed.
9 (RLIN) 144808
700 ## - PUNTO DE ACCESO ADICIONAL--NOMBRE DE PERSONA
Nombre de persona Graff Zivin, Joshua S., ed.
9 (RLIN) 144809
901 ## - ELEMENTOS DE DATOS A LOCAL LDA (RLIN)
a 338.1873 I58
902 ## - ELEMENTOS DE DATOS B LOCAL, LDB (RLIN)
a M
910 ## - DATOS DE OPCIÓN DEL USUARIO (OCLC)
Datos de opción del usuario 2012
942 ## - ELEMENTOS DE PUNTO DE ACCESO ADICIONAL (KOHA)
Tipo de ítem Koha Libro_
942 ## - ELEMENTOS DE PUNTO DE ACCESO ADICIONAL (KOHA)
Tipo de ítem Koha
Holdings
Estado de retiro Estado de pérdida Fuente del sistema de clasificación o colocación Estado dañado No para préstamo Código de colección Localización permanente Ubicación/localización actual Ubicación en estantería Fecha de adquisición Código de barras Fecha visto por última vez Número de copia Precio válido a partir de Tipo de ítem Koha
    Dewey Decimal Classification     General Zootecnia Zootecnia   04/08/2014 z_6270 18/01/2022 1 18/01/2022 Libro